High frontier : a history of aeronautics in Pennsylvania
Zapisane w:
| 1. autor: | |
|---|---|
| Format: | Książka |
| Język: | Undetermined |
| Wydane: |
Pittsburgh, Pa.
University of Pittsburgh Press
1982
|
| Hasła przedmiotowe: | |
| Etykiety: |
Dodaj etykietę
Nie ma etykietki, Dołącz pierwszą etykiete!
|
| Thư viện lưu trữ: | Trung tâm Học liệu Trường Đại học Cần Thơ |
|---|
| LEADER | 00575nam a2200205Ia 4500 | ||
|---|---|---|---|
| 001 | CTU_86742 | ||
| 008 | 210402s9999 xx 000 0 und d | ||
| 082 | |a 629.13 | ||
| 082 | |b T831 | ||
| 100 | |a Trimble, William F. | ||
| 245 | 0 | |a High frontier : | |
| 245 | 2 | |b a history of aeronautics in Pennsylvania | |
| 245 | 0 | |c William F. Trimble | |
| 260 | |a Pittsburgh, Pa. | ||
| 260 | |b University of Pittsburgh Press | ||
| 260 | |c 1982 | ||
| 650 | |a Aeronautics pennsylvania | ||
| 650 | |x History | ||
| 904 | |i Năm | ||
| 980 | |a Trung tâm Học liệu Trường Đại học Cần Thơ | ||